Comparing the fit of New Keynesian DSGE models
Štatistický odhad makroekonomického modelu správania sa malej otvorenej ekonomiky popísaný správaním vybraných subjektov (napr. dovozcami, domácnosťami, výrobcami). Model patrí do skupiny DSGE (dynamic stochastic general equilibrium) modelov, ktoré sú v centre pozornosti ekonometrického a makroekono...
Saved in:
| Main Author: | |
|---|---|
| Format: | Book Chapter |
| Language: | English |
| Subjects: | |
| Tags: |
No Tags, Be the first to tag this record!
|
MARC
| LEADER | 00000naa a2200000 4500 | ||
|---|---|---|---|
| 001 | 0124287 | ||
| 005 | 20231204073016.8 | ||
| 041 | 0 | |a eng | |
| 044 | |a CZ | ||
| 245 | 1 | 0 | |a Comparing the fit of New Keynesian DSGE models |c Jan Čapek |
| 520 | |a Štatistický odhad makroekonomického modelu správania sa malej otvorenej ekonomiky popísaný správaním vybraných subjektov (napr. dovozcami, domácnosťami, výrobcami). Model patrí do skupiny DSGE (dynamic stochastic general equilibrium) modelov, ktoré sú v centre pozornosti ekonometrického a makroekonomického modelovania. | ||
| 610 | 2 | 0 | |a modely ekonometrické |
| 610 | 2 | 0 | |a modelovanie ekonometrické |
| 610 | 2 | 0 | |a modely stochastické |
| 610 | 2 | 0 | |a odhad štatistický |
| 610 | 2 | 0 | |a hospodárstvo otvorené |
| 100 | 1 | |a Čapek, Jan | |